46 - Né(es) un 15 février - Statistiques

Statistiques générales
  • Ce quiz a été pris 14 fois
  • Le résultat moyen est 5 sur 14
Statistiques - réponses
Hint Année de naissance Réponse % Correct
Roi de France, surnommé le "Bien-Aimé". 1710 Louis XV
92%
Chanteuse belge connue pour les titres "Sensualité" et "Manhattan-Kaboul" avec Renaud. 1968 Fabienne Demal|Axelle Red
77%
Mathématicien et astronome italien. A perfectionné la lunette astronomique. Parfois considéré comme le fondateur de la physique. Comme Copernic croit à l'héliocentrisme. 1564 Galilée
69%
Pilote de Formule 1 britannique. Son fils deviendra champion du monde de Formule 1 en 1996. 1929 Graham Hill
46%
Moine bouddhiste tibétain d'origine française. Fils de Jean-François Revel. 1946 Matthieu Ricard
46%
Bijoutier-joaillier américain. La société qu'il a fondée est aujourd'hui la propriété du groupe LVMH. 1812 Charles Lewis Tiffany
23%
Facteur de pianos allemand. La société qu'il fonda avec ses enfants porte son nom. 1797 Henry E. Steinway|Heinrich Engelhard Steinweg
23%
Actrice américaine vue dans "Vivre et laisser mourir" et dans la série "Docteur Quinn, femme médecin". 1951 Jane Seymour
23%
Actrice américaine vue dans "Mort à Venise", "Barry Lyndon" et "Cabaret". 1947 Vittoria Marisa Schiaparelli Berenson|Marisa Berenson
23%
Philosophe et réformateur anglais. Père de l'utilitarisme avec John Stuart Mill. S'oppose à l’idée de lois ou de droits naturels, et à l’idée de contrat social. 1748 Jeremy Bentham
15%
Acteur américain. Il est le grand-père d'une actrice qui jouera l'un des rôles principaux du film "E.T., l'extra-terrestre". 1882 John Barrymore
15%
Journaliste sportif spécialisé dans l'athlétisme qui a longtemps officié sur France 2. 1953 Patrick Montel
15%
Homme politique américain. Directeur de la CIA en 1973. Secrétaire à la Défense entre 1973 et 1975. Il deviendra le premier secrétaire à l'Énergie des États-Unis en 1977. 1929 James Rodney Schlesinger
0%
Homme politique français. Membre des Verts. Ministre de l'Aménagement du territoire et de l'Environnement de juillet 2001 à mai 2002. 1946 Yves Cochet
0%
Aucun quiz correspondant
Distribution des résultats
% des personnes avec chaque résultat
Percentile par nombre de réponses
Votre historique - résultats
Vous n’avez pas pris ce quiz